Ajuntaments amb futur : com han millorat els municipis desprès de trenta anys de democràcia municipal com han millorat els municipis desprès de trenta anys de democràcia municipal
Publicado:
Especials La Vanguàrdia, (dimarts, 31 març 2009), pàg. 8 - 61 :
Descripción Física:
fot. ; 33 cm
MARC
| LEADER | 00000nam a2200000Ia 4500 | ||
|---|---|---|---|
| 001 | 21824 | ||
| 008 | 160829s9999 xx 000 0 cat d | ||
| 080 | |a FU-44-33 | ||
| 245 | |a Ajuntaments amb futur : |b com han millorat els municipis desprès de trenta anys de democràcia municipal | ||
| 260 | |a Especials La Vanguàrdia, (dimarts, 31 març 2009), pàg. 8 - 61 | ||
| 300 | |a fot. ; |c 33 cm | ||
| 610 | 1 | 0 | |a Barcelona (Catalunya : Província). |b Diputació |9 52408 |
| 650 | |a Municipis |x Barcelona (Província) |9 41310 | ||
| 650 | 0 | |a Municipis |x Govern i administració |x Barcelona (Catalunya : Província) |9 42329 | |
| 710 | 1 | |a Barcelona (Catalunya : Província). |b Diputació |9 52408 | |
| 901 | |a Arxiu | ||
| 942 | |n 1 | ||
| 952 | |0 0 |1 0 |4 0 |6 FU4433 |7 1 |9 53111 |a Arxiu |b Arxiu |d 2016-12-01 |l 0 |o FU-44-33 |p 21824 |r 2016-12-01 00:00:00 |w 2016-12-01 |y ARXIU | ||
| 999 | |c 56960 |d 56960 | ||